000 00584nam a22001937a 4500
999 _c9290
_d9290
003 AR-CdUCM
008 190327b ||||| |||| 00| 0 spa d
020 _a978-612-4039-94-2
040 _aMUNICIPALIDAD PROVINCIAL DEL CUSCO
_cBIBLIOTECA MUNICIPAL DEL CUSCO
082 _aSI-0057 /
_bGAR / men
100 _aGarrido-Lecca, Hernán
_925398
245 _aLa Mena y Anisilla /
260 _aLima :
_bSantillana,
_c2014.
300 _a43 páginas ;
_bIlustraciones.
_c22.5 cm.
650 _aCuentos infantiles
_93927
650 _aSiglo XXI
_92856
942 _2ddc
_cLIBROS
945 _aafb